[Event "IECG TE.2006.P.02117"]
[Site "IECG email"]
[Date "2006.03.17"]
[Round "?"]
[White "Fineboim, Igor"]
[Black "Hallas, John"]
[Result "1-0"]
[WhiteElo "2172"]
[BlackElo "1241"]
[PlyCount "29"]
[EventDate "2006.03.17"]
[EventType "tourn (corr)"]
[EventRounds "2"]
[SourceTitle "Corr 2024"]
[Source "ChessBase"]
[SourceDate "2023.10.19"]
[SourceVersion "1"]
[SourceVersionDate "2023.10.19"]
[SourceQuality "1"]

1. e4 c5 2. f4 e5 3. Nf3 exf4 4. Bc4 Nc6 5. 0-0 g5 6. Nc3 Bd6 7. d4 cxd4 8. Nb5 Bc5 9. Nxg5 Ne5 10. Nxf7 d3+ 11. Kh1 Nxf7 12. Qh5 d5 13. Bxd5 Ngh6 14. Bxf4 Bb6 15. Bxh6 1-0

[Event "IECG TE.2005.P.02019"]
[Site "IECG email"]
[Date "2005.12.19"]
[Round "1.5"]
[White "Hallas, John"]
[Black "Hlavacek, Ladislav"]
[Result "0-1"]
[WhiteElo "1197"]
[BlackElo "1824"]
[PlyCount "68"]
[EventDate "2005.12.19"]
[EventType "tourn (corr)"]
[EventRounds "8"]
[SourceTitle "Corr 2008"]
[Source "ChessBase"]
[SourceDate "2008.06.24"]
[SourceVersion "1"]
[SourceVersionDate "2008.06.24"]
[SourceQuality "1"]

1. e4 e5 2. Nf3 Nc6 3. c3 Nf6 4. d4 Nxe4 5. d5 Ne7 6. Nxe5 Ng6 7. Nxg6 hxg6 8. Qd3 Qe7 9. Be2 d6 10. 0-0 Bd7 11. Qe3 Qe5 12. h3 Be7 13. Bc4 Nf6 14. Na3 Rh5 15. Qxe5 dxe5 16. Nb5 Nxd5 17. Bxd5 Bxb5 18. Bxb7 Rb8 19. c4 Rxb7 20. cxb5 Rxb5 21. b3 Rd5 22. Be3 a6 23. Rfe1 Ba3 24. Kf1 Kd7 25. Rad1 c6 26. Rxd5+ cxd5 27. Rd1 d4 28. Ke2 Ke6 29. Bc1 Bc5 30. f4 e4 31. Re1 d3+ 32. Kd2 Bb4+ 33. Kd1 Bxe1 34. Kxe1 Rc5 0-1

[Event "CFriend CP-2005-P-00018"]
[Site "Chessfriend.com"]
[Date "2005.10.01"]
[Round "1"]
[White "Balabaev, Farit Gasisovich"]
[Black "Hallas, John"]
[Result "1-0"]
[WhiteElo "2437"]
[BlackElo "1197"]
[PlyCount "69"]
[EventDate "2005.??.??"]
[EventType "tourn (corr)"]
[EventRounds "6"]
[SourceTitle "Corr 2008"]
[Source "ChessBase"]
[SourceDate "2008.06.24"]
[SourceVersion "1"]
[SourceVersionDate "2008.06.24"]
[SourceQuality "1"]

1. e4 e5 2. Nf3 Nc6 3. Bb5 d6 4. d4 exd4 5. Nxd4 Bd7 6. Nc3 Nf6 7. Bxc6 Bxc6 8. Nxc6 bxc6 9. 0-0 Be7 10. Re1 0-0 11. Ne2 Nxe4 12. Nd4 c5 13. Nc6 Qd7 14. Rxe4 Qxc6 15. Rxe7 Rfe8 16. Rxe8+ Rxe8 17. Bd2 Qb5 18. Bc3 Qe2 19. Qxe2 Rxe2 20. Re1 Rxe1+ 21. Bxe1 f5 22. Ba5 c6 23. Bc7 d5 24. c4 dxc4 25. Bd6 Kf7 26. Bxc5 a5 27. a4 Ke6 28. Bb6 Kd5 29. Bxa5 Kc5 30. Kf1 Kd4 31. Bb6+ Kd3 32. a5 Kc2 33. Bd4 g6 34. a6 c5 35. Bc3 1-0

[Event "CFriend CP-2005-P-00018"]
[Site "Chessfriend.com"]
[Date "2005.10.01"]
[Round "1"]
[White "Hallas, John"]
[Black "Bossenbroek, Hendrik Jan"]
[Result "0-1"]
[WhiteElo "1197"]
[BlackElo "1977"]
[PlyCount "52"]
[EventDate "2005.??.??"]
[EventType "tourn (corr)"]
[EventRounds "6"]
[SourceTitle "Corr 2008"]
[Source "ChessBase"]
[SourceDate "2008.06.24"]
[SourceVersion "1"]
[SourceVersionDate "2008.06.24"]
[SourceQuality "1"]

1. e4 g6 2. d4 Bg7 3. Nc3 d6 4. Be3 a6 5. Qd2 Nd7 6. h4 h5 7. Nf3 Ngf6 8. 0-0-0 b5 9. Ng5 Ng4 10. f3 Nxe3 11. Qxe3 c6 12. Bd3 Qb6 13. Rde1 Qxd4 14. Qf4 Ne5 15. Qd2 f6 16. Nh3 Bh6 17. f4 Nc4 18. Bxc4 Qxd2+ 19. Kxd2 bxc4 20. Kd1 e5 21. fxe5 Bg4+ 22. Ne2 dxe5 23. c3 0-0-0+ 24. Kc2 Rd2+ 25. Kb1 Bxe2 26. Rxe2 Rxe2 0-1

[Event "CFriend CP-2005-P-00018"]
[Site "Chessfriend.com"]
[Date "2005.10.01"]
[Round "1"]
[White "Hallas, John"]
[Black "Luptak, Jozef"]
[Result "0-1"]
[WhiteElo "1197"]
[BlackElo "1875"]
[PlyCount "48"]
[EventDate "2005.??.??"]
[EventType "tourn (corr)"]
[EventRounds "6"]
[SourceTitle "Corr 2008"]
[Source "ChessBase"]
[SourceDate "2008.06.24"]
[SourceVersion "1"]
[SourceVersionDate "2008.06.24"]
[SourceQuality "1"]

1. e4 e6 2. d4 d5 3. Nc3 Nf6 4. exd5 exd5 5. Nf3 c6 6. Bd3 Bd6 7. Bg5 0-0 8. 0-0 Bg4 9. a3 Nbd7 10. Be2 h6 11. Bxf6 Qxf6 12. Nd2 Be6 13. Bg4 Qf4 14. g3 Qxg4 15. Qxg4 Bxg4 16. Rfe1 Rfe8 17. Nf1 g6 18. Rxe8+ Rxe8 19. Ne3 Bf3 20. b4 f5 21. Re1 Nb6 22. Kf1 f4 23. gxf4 Bxf4 24. Ne2 Bxh2 0-1

[Event "IECG TE.2005.P.01915"]
[Site "IECG email"]
[Date "2005.06.19"]
[Round "?"]
[White "Garcia Medinilla, Daniel"]
[Black "Hallas, John"]
[Result "1-0"]
[WhiteElo "1600"]
[BlackElo "1350"]
[PlyCount "37"]
[EventDate "2005.06.19"]
[EventType "tourn (corr)"]
[EventRounds "8"]
[SourceTitle "Corr 2008"]
[Source "ChessBase"]
[SourceDate "2008.06.24"]
[SourceVersion "1"]
[SourceVersionDate "2008.06.24"]
[SourceQuality "1"]

1. d4 d5 2. e4 dxe4 3. Nc3 Nf6 4. f3 exf3 5. Nxf3 e6 6. Bc4 Nc6 7. 0-0 Bb4 8. a3 Bxc3 9. bxc3 0-0 10. Bg5 h6 11. Bh4 Na5 12. Bd3 c5 13. Qc1 cxd4 14. Ne5 dxc3 15. Bxf6 Qd4+ 16. Kh1 Nc4 17. Nxc4 gxf6 18. Qxh6 f5 19. Rf3 1-0

[Event "IECG QE.2005.0.00089 email"]
[Site "IECG email"]
[Date "2005.05.05"]
[Round "?"]
[White "Abbey, William"]
[Black "Hallas, John"]
[Result "1-0"]
[WhiteElo "1287"]
[BlackElo "1350"]
[PlyCount "77"]
[EventDate "2005.05.05"]
[EventType "tourn (corr)"]
[EventRounds "6"]
[SourceTitle "Corr 2008"]
[Source "ChessBase"]
[SourceDate "2008.06.24"]
[SourceVersion "1"]
[SourceVersionDate "2008.06.24"]
[SourceQuality "1"]

1. e4 e5 2. Nf3 Nc6 3. Bb5 a6 4. Ba4 Bc5 5. 0-0 b5 6. Bb3 Nf6 7. d3 0-0 8. Nc3 d6 9. a4 b4 10. Nd5 Nxd5 11. Bxd5 Bb7 12. a5 Rb8 13. Be3 Nd4 14. Bc4 Qf6 15. Nxd4 exd4 16. Bd2 c6 17. Re1 Rfe8 18. Qh5 Re5 19. Qg4 h5 20. Qg3 h4 21. Qg4 Bc8 22. Qf4 Qe7 23. Qf3 h3 24. Bf4 Qf6 25. Qg3 Re8 26. e5 Qe7 27. Bg5 Qd7 28. Bxa6 Qf5 29. Bxc8 Rexc8 30. Bf6 g6 31. Re4 dxe5 32. Qh4 Qh5 33. Qxh5 gxh5 34. Rxe5 Be7 35. Bxe7 hxg2 36. Kxg2 b3 37. c4 dxc3 38. Rg5+ Kh7 39. Rxh5+ 1-0

[Event "IECG QE.2005.0.00089 email"]
[Site "IECG email"]
[Date "2005.05.05"]
[Round "?"]
[White "Hallas, John"]
[Black "Schoenbach, Patrick"]
[Result "0-1"]
[WhiteElo "1350"]
[BlackElo "1311"]
[PlyCount "56"]
[EventDate "2005.05.05"]
[EventType "tourn (corr)"]
[EventRounds "6"]
[SourceTitle "Corr 2008"]
[Source "ChessBase"]
[SourceDate "2008.06.24"]
[SourceVersion "1"]
[SourceVersionDate "2008.06.24"]
[SourceQuality "1"]

1. e4 Nc6 2. Nf3 e5 3. Bc4 Nf6 4. Ng5 d5 5. exd5 Nxd5 6. Qh5 g6 7. Qf3 Qxg5 8. Bxd5 Nd4 9. Qxf7+ Kd8 10. Be4 Be6 11. h4 Qh5 12. Qf3 Nxf3+ 13. Bxf3 Qf5 14. d3 c6 15. Nc3 Bb4 16. Bd2 Bxc3 17. Bxc3 Bd5 18. Rh3 Qxh3 19. gxh3 Bxf3 20. Bxe5 Re8 21. d4 c5 22. c3 cxd4 23. cxd4 Rc8 24. Kd2 Bg2 25. Bf6+ Kd7 26. Bg7 Bxh3 27. Rh1 Bf5 28. Rf1 Rc2+ 0-1

[Event "IECG TE.2005.P.01841 email"]
[Site "IECG email"]
[Date "2005.03.20"]
[Round "1"]
[White "Hallas, John"]
[Black "Amann, Klaus"]
[Result "0-1"]
[WhiteElo "1350"]
[BlackElo "1908"]
[PlyCount "32"]
[EventDate "2005.03.24"]
[EventType "tourn (corr)"]
[EventRounds "12"]
[SourceTitle "Corr 2024"]
[Source "ChessBase"]
[SourceDate "2023.10.19"]
[SourceVersion "1"]
[SourceVersionDate "2023.10.19"]
[SourceQuality "1"]

1. d4 Nf6 2. c4 c5 3. d5 b5 4. Nf3 Bb7 5. Nbd2 e6 6. e4 exd5 7. cxd5 c4 8. a4 Bc5 9. axb5 Ng4 10. Nd4 Nxf2 11. Kxf2 Bxd4+ 12. Ke1 c3 13. Nb3 Qh4+ 14. g3 Qxe4+ 15. Qe2 Qxe2+ 16. Bxe2 cxb2 0-1

[Event "IECG TE.2005.P.01841 email"]
[Site "IECG email"]
[Date "2005.03.17"]
[Round "2"]
[White "Desjardins, Andy"]
[Black "Hallas, John"]
[Result "1/2-1/2"]
[WhiteElo "1750"]
[BlackElo "1350"]
[PlyCount "22"]
[EventDate "2005.03.24"]
[EventType "tourn (corr)"]
[EventRounds "12"]
[SourceTitle "Corr 2024"]
[Source "ChessBase"]
[SourceDate "2023.10.19"]
[SourceVersion "1"]
[SourceVersionDate "2023.10.19"]
[SourceQuality "1"]

1. d4 Nf6 2. c4 c5 3. d5 b5 4. Nf3 bxc4 5. Nc3 Bb7 6. e4 Ba6 7. Qa4 e6 8. Bg5 Qb6 9. Bd2 exd5 10. exd5 Bd6 11. Bxc4 Qb4 1/2-1/2

[Event "IECG TE.2005.P.01841 email"]
[Site "IECG email"]
[Date "2005.03.17"]
[Round "2"]
[White "Gilman, Alisha"]
[Black "Hallas, John"]
[Result "0-1"]
[WhiteElo "800"]
[BlackElo "1350"]
[PlyCount "26"]
[EventDate "2005.03.24"]
[EventType "tourn (corr)"]
[EventRounds "12"]
[SourceTitle "Corr 2024"]
[Source "ChessBase"]
[SourceDate "2023.10.19"]
[SourceVersion "1"]
[SourceVersionDate "2023.10.19"]
[SourceQuality "1"]

1. d4 Nf6 2. c4 c5 3. d5 b5 4. Nf3 Bb7 5. Nc3 b4 6. Nb1 e6 7. dxe6 fxe6 8. Bg5 Be7 9. Nbd2 0-0 10. e4 Nxe4 11. Nxe4 Bxe4 12. Bxe7 Qxe7 13. Bd3 Bxd3 0-1

[Event "IECG TE.2005.P.01841 email"]
[Site "IECG email"]
[Date "2005.03.15"]
[Round "1"]
[White "Hallas, John"]
[Black "Desjardins, Andy"]
[Result "1/2-1/2"]
[WhiteElo "1350"]
[BlackElo "1750"]
[PlyCount "21"]
[EventDate "2005.03.24"]
[EventType "tourn (corr)"]
[EventRounds "12"]
[SourceTitle "Corr 2024"]
[Source "ChessBase"]
[SourceDate "2023.10.19"]
[SourceVersion "1"]
[SourceVersionDate "2023.10.19"]
[SourceQuality "1"]

1. d4 Nf6 2. c4 c5 3. d5 b5 4. Nf3 Bb7 5. e3 b4 6. b3 e6 7. dxe6 fxe6 8. Bd3 Be7 9. Bb2 0-0 10. 0-0 Qc7 11. Nbd2 1/2-1/2

[Event "IECG TG.2005.0.15360"]
[Site "IECG email"]
[Date "2005.03.08"]
[Round "1"]
[White "Hallas, John"]
[Black "Hori, Alexandre"]
[Result "1-0"]
[WhiteElo "1350"]
[BlackElo "1350"]
[PlyCount "51"]
[EventDate "2005.03.08"]
[EventType "match (corr)"]
[EventRounds "2"]
[SourceTitle "Corr 2008"]
[Source "ChessBase"]
[SourceDate "2008.06.24"]
[SourceVersion "1"]
[SourceVersionDate "2008.06.24"]
[SourceQuality "1"]

1. e4 e5 2. Nf3 Nc6 3. Bc4 Bc5 4. 0-0 d6 5. Nc3 Bg4 6. h3 Be6 7. Bxe6 fxe6 8. Na4 Bb6 9. Nxb6 axb6 10. d4 exd4 11. Nxd4 Nxd4 12. Qxd4 e5 13. Qd5 c6 14. Qb3 Nf6 15. Bg5 b5 16. a4 bxa4 17. Qxb7 0-0 18. Qxc6 Qd7 19. Qxd7 Nxd7 20. Rfd1 Nc5 21. Be7 Rfe8 22. Bxd6 Nxe4 23. Bb4 Reb8 24. c3 Nf6 25. Ra3 Rb6 26. Rda1 1-0